| 000 | 05784cam a22006254i 4500 | ||
|---|---|---|---|
| 003 | PE-LiUPU | ||
| 005 | 20250731170443.0 | ||
| 008 | 150625s2006 sp r 000 0 spa d | ||
| 020 | _a8474329264 | ||
| 020 | _a9788474329261 | ||
| 035 | _a(Sirsi) i9788474329261 | ||
| 040 |
_aPE-LiUPU _bspa _cPE-LiUPU _erda |
||
| 049 | _aPRUA | ||
| 082 | 0 | 4 |
_a159.922 _bC99 _221 |
| 100 | 1 |
_aCyrulnik, Boris, _eautor. |
|
| 245 | 1 | 4 |
_aLos patitos feos la resiliencia : _buna infancia infeliz no determina la vida / _cBoris Cyrulnik. |
| 250 | _a8a edición. | ||
| 264 | 1 |
_aBarcelona : _bGedisa, _c2006. |
|
| 300 |
_a238 páginas ; _c23 centímetros. |
||
| 336 |
_atext _2rdacontent |
||
| 337 |
_aunmediated _2rdamedia |
||
| 338 |
_avolume _2rdacarrier |
||
| 490 | 0 | _aColección Psicología | |
| 504 | _aBibliografía: páginas 217-238. | ||
| 505 | 0 | _aCuando uno está muerto y surge el oculto tiempo de los recuerdos -- La mórbida amabilidad del pequeño pelirrojo -- La creatividad de los descarriados -- Los lisiados por el pasado pueden darnos lecciones -- Hay que aprender a observar para evitar la venenosa belleza de las metáforas -- La oruga -- El temperamento o la rebeldía de los ángeles -- La triste historia del espermatozoide de Layo y el óvulo de Yocasta -- Gracias a nuestros progresos, hemos evolucionado, pasando de la cultura de la culpa a la cultura del prejuicio -- De cómo aprender a bailar los fetos -- En donde se aprecia que la boca del feto revela la angustia de la madre -- Hacer que nazca un niño no basta, también hay que traerlo al mundo -- Los recién nacidos no pueden ir a parar a ningún otro sitio que no sea la historia de sus padres -- Cuando el marco en el que se desenvuelve el recién nacido es en realidad un triángulo compuesto por sus padres y por él mismo -- El papá payaso y el bebé cómico -- Quiéreme para que tenga el coraje de abandonarte -- El andamiaje del modo de amar -- Los orígenes míticos de nuestros modos de amar -- Cuando el estilo efectivo del niño depende del relato íntimo de la madre -- Una madre que recibe apoyo afectivo y tiene sostén social puede ofrecer mejores brazos -- Cuando los gemelos no tienen la misma madre -- En el que se consigue observar cómo se transmite el pensamiento mediante los gestos y los objetos -- El congénere desconocido: el descubrimiento del mundo del otro -- Cuando las historias sin palabras permiten compartir los mundos interiores -- De cómo los estereotipos sociales privilegian determinados comportamientos del bebé -- El humor no es cosa de risa -- Los fundamentos del andamiaje de la resiliencia -- Cuando la relación conjunta echa por tierra el andamiaje -- Se conoce la causa, se conoce el remedio y, sin embargo, todo de agrava -- Virginidad y capitalismo -- Un padre precoz es una rampa de lanzamiento -- Cuando el Estado diluye al padre -- Duelos ruidosos, duelos silenciosos -- Resiliencia y conductas de seducción -- La Mariposa -- A los monstruos no les gusta el teatro -- ¿Es posible pensar en la carambola psíquica? -- La emoción traumática es una conmoción orgánica provocada por la idea que se tiene del agresor -- Lo que otorga al golpe su poder para provocar traumas es el estilo de desarrollo de la persona herida -- La adaptación que protege no siempre constituye un factor de resiliencia -- Cuando un combate heroico se convierte en un mito fundador -- Sin culpabilidad no hay moralidad -- Robar o dar para sentirse fuerte -- Las quimeras del pasado son ciertas, al modo en que son ciertas las quimeras -- Cuando un recuerdo concreto se ve rodeado por la bruma, hace que el pasado sea soportable y hermoso -- Las ordalías secretas y la reinserción social -- Una declaración de guerra contra los niños -- Actuar y comprender para no sufrir -- Cuando la guerra hace que prendan algunas llamitas de resiliencia -- El devastador efecto de una agresión sexual depende mucho de la distancia afectiva -- La posibilidad de resiliencia tras una agresión sexual depende mucho de las reacciones emocionales del entorno -- Cuando el trabajo del sueño dormido se incorpora a nuestra memoria y nos gobierna, el trabajo del sueño despierto nos permite recuperar el control -- Cuando la negación consciente protege al sueño y cuando la impresión traumática conlleva una reminiscencia onírica -- La civilización del fantasma lleva aparejada una creatividad que repara -- Las culturas normativas erradican la imaginación -- El talento consiste en exponer la propia prueba mediante una grata intriga -- Aprender sin darse cuenta -- La falsificación creadora transforma la magulladura en organizador del Yo. | |
| 526 | _aSEG68 | ||
| 526 | _aSEG70 | ||
| 526 | _aSEG69 | ||
| 526 | _aSEG67 | ||
| 526 | _aSEG43 | ||
| 526 | _aP144 | ||
| 526 | _aP143 | ||
| 526 | _aP131 | ||
| 526 | _aP122 | ||
| 526 | _aP120 | ||
| 526 | _aP117 | ||
| 526 | _aP112 | ||
| 526 | _aP110 | ||
| 526 | _aP106 | ||
| 526 | _aP101 | ||
| 526 | _aP80 | ||
| 526 | _aP59 | ||
| 526 | _aP54 | ||
| 526 | _aP35 | ||
| 526 | _aP33 | ||
| 526 | _aP30 | ||
| 541 | _g001-00269356; | ||
| 650 | 0 | 4 |
_aNiños _xProblemas emocionales. |
| 650 | 0 | 4 | _aPsicología infantil. |
| 942 |
_2ddc _cBOOK |
||
| 949 |
_a159.922 C99 _wDEWEY _c1 _i58785 _d2016-3-20 _e2016-3-16 _lCCODEBUL1 _mBUL _n7 _p23.00 _r0 _sY _tBOOK _u2015-6-25 _xEDUCACION _PP20 _0COMPRA _o.STAFF. Colección Ciencias Humanas y Educación |
||
| 994 |
_aC0 _bPEPRU |
||
| 596 | _a1 | ||
| 999 |
_a159.922 C99 _wDEWEY _c47645 _i58785 _d47645 _e2016-3-16 _f2021-11-8 _g6 _lCCODEBUL1 _mBUL _n7 _p23.00 _r0 _sY _tBOOK _u2015-6-25 _xEDUCACION _PP20 _0COMPRA _o.STAFF. Colección Ciencias Humanas y Educación |
||
| 980 |
_81 _gALBERTO SANCHEZ Responsable de Automatización |
||